Letter with Largest Land Area Quiz Stats

 Plays Quiz not verified by Sporcle

Score 0/24 Timer 10:00
0 Plays Today
Land area in million square km* Letter % Correct
23,6???
82.4%
17,0???
77.7%
10,9???
56.8%
7,7???
50.7%
11,1???
43.2%
0,3???
39.2%
1,0???
38.5%
3,5???
37.8%
0,01???
37.8%
14,9???
31.8%
8,4???
31.1%
2,5???
29.1%
Land area in million square km* Letter % Correct
0,5???
29.1%
4,5???
28.4%
2,3???
27%
1,6???
27%
0,2???
27%
8,7???
26.4%
3,0???
26.4%
0,4???
25%
3,7???
24.3%
4,1???
23.6%
1,1???
23.6%
1,2???
19.6%

You're not logged in!

Compare scores with friends on all Sporcle quizzes.
OR
Log In

Show Comments

Extras

Top Quizzes Today


Score Distribution

Your Account Isn't Verified!

In order to create a playlist on Sporcle, you need to verify the email address you used during registration. Go to your Sporcle Settings to finish the process.

Report this User

Report this user for behavior that violates our Community Guidelines.

Details: